000 00717nam a2200193Ia 4500
008 151121s9999||||xx |||||||||||||| ||und||
082 _a813-/चट्टोपा
082 _bHNW-115557
100 _aचट्टोपाध्या शरतचन्द्र
245 _a21 श्रेष्ट कथा
260 _b"डायमंड बुक स्टॉल, सांगली।"
260 _c2014
300 _a253
600 _aचट्टोपाध्या शरतचन्द्र
630 _a21 श्रेष्ट कथा
700 _aचट्टोपाध्या शरतचन्द्र
730 _a21 श्रेष्ट कथा
942 _cBOOK
999 _c1264279
_d1264276